[Event "BCF-chT3 0405 (4NCL)"]
[Site "Telford"]
[Date "2005.05.28"]
[Round "9.8"]
[White "Tourbassova, Sasha"]
[Black "Hughes, Beryl"]
[Result "0-1"]
[WhiteElo "1720"]
[BlackElo "1653"]
[PlyCount "74"]
[EventDate "2004.11.06"]
[EventType "team"]
[EventRounds "11"]
[EventCountry "ENG"]
[SourceTitle "EXT 2006"]
[Source "ChessBase"]
[SourceDate "2005.11.24"]
[SourceVersion "1"]
[SourceVersionDate "2005.11.24"]
[SourceQuality "1"]
[WhiteTeam "South County Stars"]
[BlackTeam "SW Dragons II"]
[WhiteTeamCountry "ENG"]
[BlackTeamCountry "ENG"]

1. e4 e6 2. d4 d5 3. exd5 exd5 4. Nf3 Bd6 5. c3 Ne7 6. Be3 Bf5 7. Nbd2 Qd7 8. h3 Nbc6 9. Qb3 Rb8 10. g4 Bg6 11. Bg2 f6 12. 0-0-0 Na5 13. Rhe1 Nxb3+ 14. Nxb3 Qa4 15. Nfd2 0-0 16. f4 Qxa2 17. f5 Bf7 18. Kc2 Qa6 19. h4 Bg3 20. Ra1 Qd6 21. Rh1 Nc6 22. Raf1 Rfe8 23. Rf3 Rxe3 24. Rxe3 Bf4 25. Re2 Bxd2 26. Nxd2 Re8 27. Kd3 Rxe2 28. Kxe2 Ne7 29. Bf3 c5 30. Nb3 cxd4 31. Nxd4 Qa6+ 32. Kd2 Nc6 33. Nb3 Qb6 34. Bd1 d4 35. Nxd4 Nxd4 36. cxd4 Qxd4+ 37. Kc1 Qe3+ 0-1